<?xml version="1.0" encoding="UTF-8"?>
<record
    xmlns:xsi="http://www.w3.org/2001/XMLSchema-instance"
    xsi:schemaLocation="http://www.loc.gov/MARC21/slim http://www.loc.gov/standards/marcxml/schema/MARC21slim.xsd"
    xmlns="http://www.loc.gov/MARC21/slim">

  <leader>00394nam a22001577a 4500</leader>
  <controlfield tag="005">20240626112518.0</controlfield>
  <controlfield tag="008">231208b        |||||||| |||| 00| 0 eng d</controlfield>
  <datafield tag="082" ind1=" " ind2=" ">
    <subfield code="a">321.8</subfield>
    <subfield code="b">DEM</subfield>
  </datafield>
  <datafield tag="245" ind1=" " ind2=" ">
    <subfield code="a">Democracy for Teenagers/</subfield>
  </datafield>
  <datafield tag="250" ind1=" " ind2=" ">
    <subfield code="a">1st ed.</subfield>
  </datafield>
  <datafield tag="260" ind1=" " ind2=" ">
    <subfield code="b">center for Peace and Secular Studies</subfield>
  </datafield>
  <datafield tag="300" ind1=" " ind2=" ">
    <subfield code="a">45 p.:</subfield>
    <subfield code="c">20.5 cm.</subfield>
  </datafield>
  <datafield tag="650" ind1=" " ind2=" ">
    <subfield code="a">Social Sciences/Democracy</subfield>
  </datafield>
  <datafield tag="999" ind1=" " ind2=" ">
    <subfield code="c">34864</subfield>
    <subfield code="d">34864</subfield>
  </datafield>
  <datafield tag="952" ind1=" " ind2=" ">
    <subfield code="0">0</subfield>
    <subfield code="1">0</subfield>
    <subfield code="4">0</subfield>
    <subfield code="7">0</subfield>
    <subfield code="8">Faculty of Social Sciences</subfield>
    <subfield code="a">SIRC-C</subfield>
    <subfield code="b">SIRC-C</subfield>
    <subfield code="c">Economics</subfield>
    <subfield code="d">2023-12-08</subfield>
    <subfield code="l">0</subfield>
    <subfield code="o">321.8 DEM</subfield>
    <subfield code="p">28263</subfield>
    <subfield code="r">2023-12-08</subfield>
    <subfield code="w">2023-12-08</subfield>
    <subfield code="y">BK</subfield>
    <subfield code="Y">BK</subfield>
  </datafield>
</record>
